| 000 | 00651nam a2200217 u 4500 | ||
|---|---|---|---|
| 005 | 20220622063621.0 | ||
| 008 | 121128s2006 cl r 000 0 spa d | ||
| 020 | _a9580494681 | ||
| 035 | _aUPN01000188973 | ||
| 049 | _aI | ||
| 050 | 4 |
_aPZ49.63 _bK3.3 |
|
| 100 | 1 |
_aKasza, Keiko, _d1951- _933434 |
|
| 245 | 1 | 0 |
_aCuando el elefante camina / _cKeiko Kasza ; tr. Mercedes Guhl. |
| 260 |
_aBogotá : _bNorma, _c2006. |
||
| 300 |
_a32 p. : _bil. |
||
| 440 | 0 | _aBuenas noches | |
| 534 |
_pTÃtulo original: _tWhen the elefant walks |
||
| 650 | 4 |
_aCUENTOS INFANTILES JAPONESES _98590 |
|
| 650 | 0 |
_aAnimales _vCuentos y leyendas _9234 |
|
| 905 | _aInfantil | ||
| 999 |
_c161076 _d161076 |
||